Todos os campeões do Campeonato Paulista de futebol - Statistics

Estatísticas Gerais
  • Esse quiz foi jogado 262 vezes
  • A pontuação média é 113 de 135
Estatísticas das Respostas
Ano Time % Correto
1914 | 1916 | 1922 | +27 others Corinthians
100%
1920 | 1926 | 1927 | +23 others Palmeiras
100%
1935 | 1955 | 1956 | +19 others Santos
100%
1931 | 1943 | 1945 | +20 others São Paulo
99%
2014 Ituano
81%
2004 São Caetano
76%
1990 Bragantino
68%
1935 | 1973 Portuguesa
68%
1905 | 1908 | 1913 | +7 others Paulistano
60%
1919 Paulistano
54%
1986 Inter de Limeira
44%
1934 Juventus
32%
1907 | 1928 Internacional
18%
1902 | 1903 | 1904 | 1911 São Paulo Athletic
18%
1906 | 1915 Germânia
17%
1912 | 1913 Americano
13%
1909 | 1910 | 1915 AA Palmeiras
9%
1914 | 1925 AA São Bento
5%
1933 Albion
5%
Nenhum quiz correspondente encontrado
Distribuição das Pontuações
Porcentagem de Pessoas com Cada Pontuação
Percentil de Números Respondidos
Sua Pontuação Histórica
Você não jogou esse quiz